000
00293 a2200133 4500
999
_c
8496
_d
8496
020
_a
0869223941
050
_a
lcc
245
_a
a rat on the back
264
_a
Gweru
_b
Mambo Press
_c
1986
300
_a
51 pages
500
_a
no index
650
_a
literature
942
_2
lcc
_c
BK
_h
9390
_i
NYI
_k
PR